Normal view
MARC view
Entry Personal Name
001 - CONTROL NUMBER
- control field: 4454
003 - CONTROL NUMBER IDENTIFIER
- control field: ARRUPE
005 - DATE AND TIME OF LATEST TRANSACTION
- control field: 20131129135452.0
008 - FIXED-LENGTH DATA ELEMENTS
- fixed length control field: 131129|| aca||aabn | a|a d
040 ## - CATALOGING SOURCE
- Original cataloging agency: ARRUPE
- Transcribing agency: ARRUPE
100 ## - HEADING--PERSONAL NAME
- Personal name: Ward, Barbara
670 ## - SOURCE DATA FOUND
- Source citation: Work cat.: (ARRUPE)0: Ward, Barbara, Encyclical letter of his holiness Pope Paul VI on the development of peoples :, [1967?]